|
|
|
|
| LEADER |
00000cam a2200000 4500 |
| 001 |
vtls012131588 |
| 003 |
SK-MaSNL |
| 005 |
20260301055436.0 |
| 008 |
220420s2022 xo grn 010 0 slo |
| 015 |
|
|
|a SNBA2022/09
|
| 020 |
|
|
|a 9788080902964
|q (brožované)
|
| 040 |
|
|
|a SNK
|b slo
|c SNK
|e rda
|
| 041 |
1 |
|
|a slo
|h eng
|
| 044 |
|
|
|a xo
|c SK
|
| 072 |
|
7 |
|a 159.95
|x Vyššie duševné procesy
|2 konspekt
|
| 072 |
|
7 |
|a 159.93/.94
|x Senzorické a motorické funkcie. Emócie. Vôľa
|2 konspekt
|
| 080 |
|
|
|a 159.942
|2 2011
|
| 080 |
|
|
|a 159.913
|2 2011
|
| 080 |
|
|
|a 159.923.5
|2 2011
|
| 080 |
|
|
|a (0.062)
|2 2011
|
| 080 |
|
|
|a 159.95
|2 2011
|
| 100 |
1 |
|
|a Kross, Ethan
|4 aut
|9 220217
|
| 240 |
1 |
4 |
|a The Chatter
|l Slovensky
|
| 245 |
1 |
0 |
|a Vnútorný hlas
|b zmeňte svojho vnútorného kritika na spojenca
|c Ethan Kross ; z anglického originálu The Chatter ... do slovenčiny preložila Zuzana Šajbanová
|
| 246 |
1 |
|
|i Obálkový podnázov:
|a Zmeňte svojho vnútorného kritika na spojenca
|
| 250 |
|
|
|a Vydanie 1.
|
| 264 |
|
1 |
|a Bratislava
|b GRADA Slovakia s.r.o. - GRADA
|c 2022
|
| 300 |
|
|
|a 264 strán
|c 21 cm
|
| 336 |
|
|
|a text
|b txt
|2 rdacontent
|
| 337 |
|
|
|a bez média
|b n
|2 rdamedia
|
| 338 |
|
|
|a zväzok
|b nc
|2 rdacarrier
|
| 500 |
|
|
|a Vydala Grada Slovakia, s.r.o. pod značkou Grada
|
| 500 |
|
|
|a Preložené z angličtiny
|
| 504 |
|
|
|a Obsahuje bibliografické odkazy
|
| 650 |
0 |
7 |
|a negatívne emócie
|2 SNKPH
|9 4050
|
| 650 |
0 |
7 |
|a psychologický stres
|2 SNKPH
|9 4285
|
| 650 |
0 |
7 |
|a ľudské správanie
|2 SNKPH
|9 69832
|
| 650 |
0 |
7 |
|a pozitívne myslenie
|2 SNKPH
|9 4009
|
| 650 |
0 |
7 |
|a Negative emotions
|2 SNKPHeng
|9 332882
|
| 650 |
0 |
7 |
|a Stress psychology
|2 SNKPHeng
|9 328922
|
| 650 |
0 |
7 |
|a Positive thinking
|2 SNKPHeng
|9 266375
|
| 650 |
0 |
7 |
|a Human behavior
|2 SNKPHeng
|9 318571
|
| 655 |
|
7 |
|a populárno-náučné publikácie
|2 SNKPH
|9 70460
|
| 655 |
|
7 |
|a Popular works
|2 SNKPHeng
|9 90287
|
| 700 |
1 |
|
|a Šajbanová, Zuzana
|4 trl
|9 168600
|
| 919 |
|
|
|a 978-80-8090-296-4
|
| 954 |
|
|
|a odborná, vedecká literatúra cudzojazyčná (svetová)
|2 lita
|
| 958 |
|
|
|a NB
|
| 958 |
|
|
|a UP
|
| 968 |
|
|
|b ENG
|
| 999 |
|
|
|c 613366
|d 615296
|
| 952 |
|
|
|a SNK
|b SNK
|y PREZ
|7 0
|p 17A1490664
|o snkSC 197620
|i snk2022/8522
|8 0
|0 0
|1 0
|4 0
|d 2022-05-25
|f 1
|l 0
|r 2025-10-20 00:00:00
|w 2026-02-23
|
| 952 |
|
|
|a SNK
|b SNK
|y VYP
|7 0
|p 17A1490643
|o snkSC 197620 D1
|i snk2022/8523
|8 3
|g 12.21
|0 0
|1 0
|4 0
|d 2022-05-25
|l 0
|r 2026-02-23 16:30:03
|w 2026-02-23
|